Zbytočný strach z TTIP

Príprava veľkej obchodnej a investičnej dohody medzi Európskou úniou a USA - Transatlantické obchodné a investičné partnerstvo (TTIP). Protesty proti pripravovanému partnerstvu. Proti TTIP na Slovensku najmä potravinári. Mýty o transatlantickej dohode.

Salvato in:
Dettagli Bibliografici
Autore principale: Lehuta, Michal
Natura: Capitolo di libro
Lingua:slovacco
Soggetti:
Tags: Aggiungi Tag
Nessun Tag, puoi essere il primo ad aggiungerne!!

MARC

LEADER 00000naa a2200000 4500
001 0200620
005 20231113103031.8
041 0 |a slo 
044 |a SK 
245 1 0 |a Zbytočný strach z TTIP  |c Michal Lehuta 
520 |a Príprava veľkej obchodnej a investičnej dohody medzi Európskou úniou a USA - Transatlantické obchodné a investičné partnerstvo (TTIP). Protesty proti pripravovanému partnerstvu. Proti TTIP na Slovensku najmä potravinári. Mýty o transatlantickej dohode. 
610 2 0 |a spolupráca hospodárska medzinárodná 
610 2 0 |a dohody medzinárodné 
610 2 0 |a obchod voľný 
610 2 0 |a investície 
610 2 0 |a USA 
610 2 0 |a Európska únia 
100 1 |a Lehuta, Michal